|
|
|
|
| LEADER |
00000ny a22000003n 4500 |
| 005 |
20110620141413.0 |
| 008 |
050201s2003 ag spa d |
| 020 |
|
|
|a 9788495823441
|
| 020 |
|
|
|a 9789875072534
|
| 035 |
|
|
|a 2333
|
| 040 |
|
|
|a UCLM
|d vLex
|
| 080 |
|
|
|a 342.9
|
| 080 |
|
|
|a 347.4
|
| 080 |
|
|
|a 351.712(82)
|
| 090 |
|
|
|c 887
|d 887
|
| 100 |
1 |
|
|a Dromi, Roberto
|
| 245 |
0 |
0 |
|a Renegociacin̤ de contratos pb︢licos en emergencia
|h [Recurso electrn̤ico]
|c Roberto Dromi, director ; Armando Canosa, Eduardo Mertehikian, coordinadores ; colaboradores, Julio Figueredo ... [et al.]
|
| 256 |
|
|
|a Servicio en ln̕ea
|
| 260 |
|
|
|a Buenos Aires ;
|a Madrid :
|b Ciudad Argentina,
|c 2003
|
| 506 |
1 |
|
|a Contenido solo disponible en los productos indicados
|d vLex Global
|d vLex Global (Academic Edition, excluding Law Schools)
|d vLex Global (U.S. Academic Edition, Law Schools)
|d vLex Global (U.S. Academic Edition, excluding Law Schools)
|d vLex Global (Academic Edition, Law Schools)
|
| 650 |
0 |
4 |
|a Administracin̤ pb︢lica
|
| 650 |
0 |
4 |
|a Contratos administrativos
|z Argentina
|
| 700 |
1 |
|
|a Canosa, Armando N.,
|e coord.
|
| 700 |
1 |
|
|a Figueredo, Julio,
|e colab.
|
| 700 |
1 |
|
|a Mertehikian, Eduardo,
|e coord.
|
| 740 |
0 |
|
|a vLex Libros (Servicios en ln̕ea)
|
| 856 |
4 |
0 |
|u http://vlex.com/source/2333
|z Acceso restringido
|
| 942 |
|
|
|c BOOK
|
| 999 |
1 |
4 |
|a Public Administration
|b Argentina
|
| 999 |
1 |
4 |
|a Argentina
|
| 999 |
1 |
4 |
|a Contratos administrativos
|